000
00264nam a22000977a 4500
999
_c
521696
_d
521696
082
_a
TNC A31 H588
100
_a
Bagchi, K. Asoke
_9
35862
245
_a
Hinduja Foundation Encyclopaedia Of Nobel Laureates (1901-2000)
260
_a
Delhi
_b
Konark
_c
2003
300
_a
764p.